000 01241nam a2200217Ia 4500
003 Ost
005 20260507075054.0
008 260507s9999||||xx |||||||||||||| ||und||
040 _cfsecg
041 _aara
082 _a657
100 _aالصبان، محمد سمير
_eمؤلف
245 0 _aالمحاسبة المتوسطة :
_bالاسس العلمية للقياس و الافصاح المحاسبي /
_c محمد سمير الصبان
260 _aالاسكندرية:
_bالدار الجامعية,
_c200
300 _a401 صفحة؛
_c24 سم
520 _aتجد في هذا الكتاب مرحلة اقتناء الأصل الثابت ،مرحلة استخدام الأصل الثابت ، مرحلة التخلص من الأصل الثابت ،الأصول الغير ملموسة ،الموارد الضعيفة ، المحاسبة عن الإستثمارات -الإلتزامات طويلة الأجل ،في بعض المشاكل المرتبطة بالمخون السلعي ،في قياس الإرادات محاسبيا ، أسئلة وتمارين لكل فصل .
653 _aالقياس
653 _aالمحاسبة
700 _aهلال، عبد الله
_eمؤلف ثانوي
942 _cكتاب
999 _c42715
_d42715